书目信息 |
| 题名: |
李琬若:从中国留学生到美国市长
|
|
| 作者: | 何建明 著 | |
| 分册: | ||
| 出版信息: | 长春 时代文艺出版社 2006.7 |
|
| 页数: | 227页 | |
| 开本: | 23cm | |
| 丛书名: | ||
| 单 册: | ||
| 中图分类: | I247.53 | |
| 科图分类: | ||
| 主题词: | 传记小说--中国--现代 , 传记小说 | |
| 电子资源: | ||
| ISBN: | 7-5387-2122-3 | |
| 000 | 00879nam0 2200277 450 | |
| 001 | 200805000134 | |
| 005 | 20061108092447.0 | |
| 010 | @a7-5387-2122-3@dCNY22.00 | |
| 035 | @a003202457 | |
| 100 | @a20060104d2006 em y0chiy0110 ea | |
| 101 | 0 | @achi |
| 102 | @aCN@b220000 | |
| 105 | @ay z 000ad | |
| 106 | @ar | |
| 200 | 1 | @a李琬若:从中国留学生到美国市长@Ali wan ruo : cong zhong guo liu xue sheng dao mei guo shi zhang@f何建明著 |
| 210 | @a长春@c时代文艺出版社@d2006.7 | |
| 215 | @a227页@d23cm | |
| 300 | @a时文天下 何建明读本 | |
| 330 | @a本书记述了李琬若从一名女留学生成长为美国政坛的一员杰出女政治家和著名社会活动家的奋斗过程和传奇经历。 | |
| 606 | 0 | @a传记小说@y中国@z现代 |
| 606 | 0 | @a传记小说 |
| 610 | 0 | @a李琬若(女,1936~) |
| 690 | @aI247.53@v4 | |
| 701 | 0 | @a何建明@Ahe jian ming@4著 |
| 801 | 0 | @aCN@c20061109 |
| 905 | @b20653605-6@dI247.53@eH184 | |
| 李琬若:从中国留学生到美国市长/何建明著.-长春:时代文艺出版社,2006.7 |
| 227页;23cm |
| 时文天下 何建明读本 |
| ISBN 7-5387-2122-3:CNY22.00 |
| 本书记述了李琬若从一名女留学生成长为美国政坛的一员杰出女政治家和著名社会活动家的奋斗过程和传奇经历。 |
| ● |
| 相关链接 |
|
|
|
正题名:李琬若:从中国留学生到美国市长
索取号:I247.53/H184
 
预约/预借
| 序号 | 登录号 | 条形码 | 馆藏地/架位号 | 状态 | 备注 |
| 1 | 653605 | 206536051 | 文学库108/108文学库 44排1列1层/ [索取号:I247.53/H184] | 在馆 | |
| 2 | 653606 | 206536060 | 文学库108/108文学库 43排4列1层/ [索取号:I247.53/H184] | 在馆 |